00809nam a2200217 a 450000100100000000500170001000800410002702000150006804000250008308200150010810000280012324000230015124500510017426000600022530000280028550000640031350000720037704900090044995201180045899900150057600000180720200929145717.0090629s1973 sp 000 0 spa d a8450060656 aDO-SdBNPbspacBNPHU axxxbH255e1 aHarberger, Arnold9587510aProject evaluation10aEvaluación de proyectos /cArnold Herberger. aMadrid :bFábrica Nacional de Moneda y timbre,c1973. a367 p. :bil. ;c25 cm. aIncluye datos biográficos del autor en la contracubierta. aIncluye notas al pie de páginas e índice alfabetico por materia aBNPD 001052708MOaGRbGRcCTd2009-06-29iLF1l0oxxx H255ep1807-10r2020-06-25w2020-06-25y2ZPréstamo interno c1684d1684